000 00546nam a22001932 4500
001 0000009538
005 20151217152057.0
008 081109s xx 000 0 eng d
020 _a0884197720 :
_cKES 720
040 _aKABU
_cKABU
100 1 _aShibley, David.
_@0000161169
245 1 4 _aThe Missions addiction /
_cDavid Shibley.
260 _aLake Mary, Florida :
_bCharisma House,
_c2001.
300 _ax, 251 p.
650 0 _aMissions.
_@0000149612
908 _a081109
950 _@1
999 _c7959
_d7959